[Event "DVM U16 2003"]
[Site "Greifswald GER"]
[Date "2003.12.28"]
[Round "4"]
[White "Frübing, Stefan"]
[Black "Nüsken, Nikolas"]
[Result "1-0"]
[Termination "normal"]
[Board "1.1"]
[WhiteElo "2096"]
[BlackElo "2209"]
[WhiteTeam "SV Glück Auf Rüdersdorf"]
[BlackTeam "HSK/Post SV Hannover"]
[PlyCount "63"]
[WhiteFideId "4682165"]
[BlackFideId "24605891"]
[EventCountry "GER"]
[EventRounds "7"]
[EventType "team-swiss"]
[EventDate "2003.12.26"]

1. e4 c5 2. Nf3 e6 3. Nc3 a6 4. a4 b6 5. d4 cxd4 6. Nxd4 Qc7 7. Bd3 Nf6 8. O-O
Bb7 9. Be3 Bb4 10. f3 O-O 11. Qe1 Be7 12. Qg3 d6 13. Qh3 Nbd7 14. Kh1 Nc5 15.
Bg5 Nxd3 16. cxd3 Rfd8 17. Rac1 Qd7 18. Nb3 Bc6 19. a5 b5 20. d4 b4 21. e5 bxc3
22. exf6 gxf6 23. Bh6 Kh8 24. Rxc3 f5 25. Rfc1 Rac8 26. Qh5 Bf6 27. Rxc6 Rxc6
28. Rxc6 Qxc6 29. Qxf7 Qd7 30. Qxf6+ Kg8 31. Qg5+ Kh8 32. Bg7+ 1-0

[Event "DVM U16 2003"]
[Site "Greifswald GER"]
[Date "2003.12.28"]
[Round "4"]
[White "Abel, Dennes"]
[Black "Becker, Nils"]
[Result "1-0"]
[Termination "normal"]
[Board "1.2"]
[WhiteElo "2139"]
[BlackElo "2036"]
[WhiteTeam "HSK/Post SV Hannover"]
[BlackTeam "SV Glück Auf Rüdersdorf"]
[PlyCount "81"]
[WhiteFideId "24605417"]
[BlackFideId "4695216"]
[EventCountry "GER"]
[EventRounds "7"]
[EventType "team-swiss"]
[EventDate "2003.12.26"]

1. d4 Nf6 2. c4 g6 3. Nc3 Bg7 4. e4 d6 5. Nf3 O-O 6. Be2 e5 7. O-O Nc6 8. d5
Ne7 9. b4 Nd7 10. Ba3 f5 11. Ng5 Nf6 12. f3 Kh8 13. c5 Nh5 14. Ne6 Bxe6 15.
dxe6 Nf4 16. Bc4 dxc5 17. bxc5 c6 18. Rb1 Ng8 19. Qxd8 Rfxd8 20. Rxb7 Rd4 21.
Bb3 Rd3 22. Nb1 fxe4 23. fxe4 Re3 24. g3 Nh3+ 25. Kg2 Ng5 26. h4 Re2+ 27. Rf2
Rxf2+ 28. Kxf2 Nxe4+ 29. Ke3 Nxg3 30. Bb2 Ne7 31. Kd2 Ngf5 32. Na3 Bf6 33. Nc4
Nxh4 34. Nxe5 Kg8 35. Nxc6 Bg5+ 36. Kc2 Nhf5 37. Nxe7+ Bxe7 38. c6 Kf8 39. c7
Bd6 40. Ba3 Rc8 41. Rb8 1-0

[Event "DVM U16 2003"]
[Site "Greifswald GER"]
[Date "2003.12.28"]
[Round "4"]
[White "Rutschke, Bernhard"]
[Black "Romakin, Helene"]
[Result "1/2-1/2"]
[Termination "normal"]
[Board "1.3"]
[WhiteElo "1922"]
[BlackElo "2081"]
[WhiteTeam "SV Glück Auf Rüdersdorf"]
[BlackTeam "HSK/Post SV Hannover"]
[PlyCount "85"]
[WhiteFideId "24611050"]
[BlackFideId "24605964"]
[EventCountry "GER"]
[EventRounds "7"]
[EventType "team-swiss"]
[EventDate "2003.12.26"]

1. Nf3 Nf6 2. g3 g6 3. Bg2 Bg7 4. O-O O-O 5. d3 c5 6. e4 d6 7. c3 Nc6 8. Nbd2
Rb8 9. Ne1 b5 10. f4 Qb6 11. Kh1 b4 12. Qc2 Nd7 13. Nc4 Qc7 14. Nf3 bxc3 15.
bxc3 Ba6 16. Nb2 Rb6 17. Nd2 Rfb8 18. Ndc4 R6b7 19. Bd2 Na5 20. Rab1 Nxc4 21.
Nxc4 Bxc4 22. dxc4 Qa5 23. Rb3 Qa4 24. Rfb1 Rb6 25. Bf1 R8b7 26. Bd3 Qa6 27.
Kg2 Nb8 28. Rb5 Nc6 29. Kf3 Rb8 30. Kf2 Nd8 31. a4 Ne6 32. Qa2 Nc7 33. R5b3 Kf8
34. R1b2 Na8 35. Rb5 Nc7 36. R5b3 Ke8 37. Bc2 Qa5 38. Qa3 Kd7 39. Rxb6 Rxb6 40.
Rb3 Kc8 41. Bd3 Qa6 42. Ke3 Qb7 43. Bc2 1/2-1/2

[Event "DVM U16 2003"]
[Site "Greifswald GER"]
[Date "2003.12.28"]
[Round "4"]
[White "Laake, Jasmin"]
[Black "Beißer, Jacob"]
[Result "1-0"]
[Termination "normal"]
[Board "1.4"]
[WhiteElo "1975"]
[BlackElo "1935"]
[WhiteTeam "HSK/Post SV Hannover"]
[BlackTeam "SV Glück Auf Rüdersdorf"]
[PlyCount "77"]
[WhiteFideId "4699939"]
[BlackFideId "24603392"]
[EventCountry "GER"]
[EventRounds "7"]
[EventType "team-swiss"]
[EventDate "2003.12.26"]

1. e4 c5 2. Nf3 Nc6 3. d4 cxd4 4. Nxd4 g6 5. c4 Bg7 6. Be3 Nf6 7. Nc3 Ng4 8.
Qxg4 Nxd4 9. Qd1 Ne6 10. Qd2 O-O 11. Be2 d6 12. O-O Bd7 13. Rac1 Bc6 14. Nd5
Nc5 15. f3 a5 16. b3 f5 17. exf5 gxf5 18. Bg5 Rf7 19. Qe3 Bxd5 20. cxd5 Bf6 21.
Bf4 Kh8 22. Kh1 Qg8 23. Rg1 Qg7 24. Rc4 b5 25. Bh6 Qg8 26. Rc2 Rb8 27. Qd2 Qd8
28. Be3 Nd7 29. Rgc1 Nf8 30. Rc7 b4 31. R1c6 Kg8 32. Qd3 e5 33. Rxf7 Kxf7 34.
Qxf5 Kg8 35. Ba6 Ng6 36. Qe6+ Kg7 37. Rxd6 Qf8 38. Rd7+ Kh8 39. Rf7 1-0

[Event "DVM U16 2003"]
[Site "Greifswald GER"]
[Date "2003.12.28"]
[Round "4"]
[White "Schneider, Andreas"]
[Black "Süß, Stefan"]
[Result "1-0"]
[Termination "normal"]
[Board "2.1"]
[WhiteElo "2108"]
[BlackElo "2009"]
[WhiteTeam "Wilhelmshavener SF"]
[BlackTeam "FSV Großenseebach"]
[PlyCount "107"]
[WhiteFideId "24606022"]
[BlackFideId "24606090"]
[EventCountry "GER"]
[EventRounds "7"]
[EventType "team-swiss"]
[EventDate "2003.12.26"]

1. e4 c5 2. Nc3 Nc6 3. g3 g6 4. d3 d6 5. Bg2 Bg7 6. Be3 e6 7. Qd2 Rb8 8. f4
Nge7 9. Nf3 Nd4 10. O-O O-O 11. Rae1 b5 12. Nd1 Qc7 13. Nh4 f5 14. c3 Ndc6 15.
e5 dxe5 16. Bxc5 exf4 17. Bxc6 Nxc6 18. Bxf8 Bxf8 19. gxf4 e5 20. fxe5 Nxe5 21.
d4 Ng4 22. Ne3 Bh6 23. Nd5 Bxd2 24. Re8+ Kf7 25. Nxc7 Be3+ 26. Rxe3 Nxe3 27.
Re1 f4 28. Ng2 Nxg2 29. Kxg2 Bd7 30. Re5 Rb7 31. Nd5 Bc6 32. Kf2 Bxd5 33. Rxd5
Kf6 34. Kf3 g5 35. h4 h6 36. hxg5+ hxg5 37. Kg4 b4 38. Rxg5 bxc3 39. bxc3 Rc7
40. Kxf4 Rxc3 41. Ra5 Rc7 42. Ra6+ Ke7 43. Ke5 Kd7 44. d5 Kc8 45. Rc6 Rxc6 46.
dxc6 a5 47. a4 Kc7 48. Kd5 Kc8 49. Kc5 Kc7 50. Kb5 Kc8 51. Kxa5 Kc7 52. Kb5 Kc8
53. Kb6 Kb8 54. c7+ 1-0

[Event "DVM U16 2003"]
[Site "Greifswald GER"]
[Date "2003.12.28"]
[Round "4"]
[White "Borel, Markus"]
[Black "Lubbe, Nikolas"]
[Result "1/2-1/2"]
[Termination "normal"]
[Board "2.2"]
[WhiteElo "1926"]
[BlackElo "2103"]
[WhiteTeam "FSV Großenseebach"]
[BlackTeam "Wilhelmshavener SF"]
[PlyCount "70"]
[WhiteFideId "24605522"]
[BlackFideId "4694031"]
[EventCountry "GER"]
[EventRounds "7"]
[EventType "team-swiss"]
[EventDate "2003.12.26"]

1. e4 d5 2. exd5 Qxd5 3. Nc3 Qa5 4. d4 Nf6 5. Bc4 Bg4 6. f3 Bf5 7. Nge2 e6 8.
O-O c6 9. Ng3 Bg6 10. Nce4 Be7 11. Nxf6+ Bxf6 12. Ne4 Bxe4 13. fxe4 Qb4 14. Qe2
Bxd4+ 15. Kh1 Bf6 16. c3 Qa5 17. Bf4 e5 18. Be3 Nd7 19. Rad1 Qc7 20. g4 h6 21.
Qf2 Rf8 22. b4 b6 23. a4 a5 24. b5 c5 25. Bd5 O-O-O 26. Bc6 Be7 27. Rd2 Kb8 28.
Rfd1 Nf6 29. Qg3 Rxd2 30. Rxd2 Rd8 31. g5 Rxd2 32. Bxd2 hxg5 33. Bxg5 Qd6 34.
Qf3 g6 35. Bxf6 Qxf6 1/2-1/2

[Event "DVM U16 2003"]
[Site "Greifswald GER"]
[Date "2003.12.28"]
[Round "4"]
[White "Lubbe, Alexander"]
[Black "Hofmann, Benjamin"]
[Result "1/2-1/2"]
[Termination "normal"]
[Board "2.3"]
[WhiteElo "1683"]
[BlackElo "1979"]
[WhiteTeam "Wilhelmshavener SF"]
[BlackTeam "FSV Großenseebach"]
[PlyCount "78"]
[BlackFideId "24605743"]
[EventCountry "GER"]
[EventRounds "7"]
[EventType "team-swiss"]
[EventDate "2003.12.26"]

1. e4 g6 2. d4 Bg7 3. c3 d6 4. Be3 Nf6 5. Nd2 O-O 6. f3 Nbd7 7. Nb3 e5 8. d5 a6
9. Nh3 b6 10. Nf2 Nc5 11. Nxc5 bxc5 12. b4 cxb4 13. cxb4 Bd7 14. Rc1 Qb8 15.
Qb3 Qb7 16. Be2 c6 17. dxc6 Bxc6 18. O-O d5 19. Nd3 dxe4 20. Nc5 Qe7 21. Nxe4
Rfc8 22. Bc5 Qe6 23. Qxe6 fxe6 24. Nd6 Rd8 25. Nc4 e4 26. Nb6 exf3 27. gxf3
Rab8 28. Be7 Re8 29. Rxc6 Rxe7 30. Bc4 Kf8 31. Bxe6 Reb7 32. Nd5 Nxd5 33. Bxd5
Rxb4 34. Rxa6 Rb2 35. a4 Bd4+ 36. Kh1 Rd2 37. Ra8 Rxa8 38. Bxa8 Ra2 39. Bc6 Be5
1/2-1/2

[Event "DVM U16 2003"]
[Site "Greifswald GER"]
[Date "2003.12.28"]
[Round "4"]
[White "Kirch, Daniel"]
[Black "Konrad, Maximilian"]
[Result "0-1"]
[Termination "normal"]
[Board "2.4"]
[WhiteElo "2016"]
[BlackElo "1644"]
[WhiteTeam "FSV Großenseebach"]
[BlackTeam "Wilhelmshavener SF"]
[PlyCount "68"]
[WhiteFideId "24605786"]
[EventCountry "GER"]
[EventRounds "7"]
[EventType "team-swiss"]
[EventDate "2003.12.26"]

1. d4 d5 2. c4 e6 3. Nc3 c6 4. Nf3 f5 5. Bf4 Nf6 6. e3 Be7 7. Qc2 O-O 8. Bd3
Ne4 9. a3 Nd7 10. Ne5 Nxe5 11. Bxe5 Bd7 12. b4 Bf6 13. Bxf6 Qxf6 14. c5 e5 15.
Bxe4 fxe4 16. dxe5 Qxe5 17. O-O-O b6 18. Rd4 bxc5 19. bxc5 Rab8 20. h3 Rb7 21.
Rb4 Rxb4 22. axb4 Rb8 23. Qb3 Be6 24. Qa3 d4 25. exd4 Qxd4 26. Rd1 Qc4 27. Kc2
Rxb4 28. Rd8+ Kf7 29. Qxa7+ Kf6 30. Qa3 Qxc5 31. Kd1 Rd4+ 32. Rxd4 Qxa3 33. Kc2
Qb3+ 34. Kd2 Qb2+ 0-1

[Event "DVM U16 2003"]
[Site "Greifswald GER"]
[Date "2003.12.28"]
[Round "4"]
[White "von der Ahé, Florian"]
[Black "Papaioannou, Dimitri"]
[Result "0-1"]
[Termination "normal"]
[Board "3.1"]
[WhiteElo "1675"]
[BlackElo "1922"]
[WhiteTeam "Rochade Kuppenheim"]
[BlackTeam "SF Köln-Mülheim"]
[PlyCount "57"]
[WhiteFideId "12970506"]
[BlackFideId "24673170"]
[EventCountry "GER"]
[EventRounds "7"]
[EventType "team-swiss"]
[EventDate "2003.12.26"]

1. Nf3 c5 2. g3 Nf6 3. Bg2 g6 4. d3 Bg7 5. O-O O-O 6. Nbd2 d6 7. e4 Nc6 8. Ne1
Qc7 9. f4 b6 10. Nc4 Bb7 11. Ne3 Rac8 12. c3 b5 13. Bh3 Rb8 14. g4 Nd7 15. f5
b4 16. Bd2 bxc3 17. Bxc3 Nd4 18. g5 d5 19. f6 exf6 20. Bxd7 fxg5 21. Bg4 dxe4
22. dxe4 Bxe4 23. Bf3 Rbe8 24. Bxe4 Rxe4 25. N1g2 f5 26. Kh1 f4 27. Bxd4 Rxd4
28. Qb3+ c4 29. Nxc4 0-1

[Event "DVM U16 2003"]
[Site "Greifswald GER"]
[Date "2003.12.28"]
[Round "4"]
[White "Krug, Kevin"]
[Black "Mrinski, Evgenij"]
[Result "1/2-1/2"]
[Termination "normal"]
[Board "3.2"]
[WhiteElo "1946"]
[BlackElo "1724"]
[WhiteTeam "SF Köln-Mülheim"]
[BlackTeam "Rochade Kuppenheim"]
[PlyCount "84"]
[WhiteFideId "24609110"]
[EventCountry "GER"]
[EventRounds "7"]
[EventType "team-swiss"]
[EventDate "2003.12.26"]

1. e4 e5 2. Nf3 Nc6 3. Bc4 Nf6 4. d4 exd4 5. O-O Nxe4 6. Re1 d5 7. Bxd5 Qxd5 8.
Nc3 Qa5 9. Nxe4 Be6 10. Neg5 O-O-O 11. Nxe6 fxe6 12. Rxe6 Bd6 13. Qe2 h6 14.
Bd2 Qf5 15. c3 Qh5 16. h3 d3 17. Qe4 g5 18. Re1 Rhf8 19. Qg6 Qxg6 20. Rxg6 Rfe8
21. Rge6 Ne5 22. Rxe8 Rxe8 23. Nxe5 Rxe5 24. Rxe5 Bxe5 25. g3 c5 26. Kg2 c4 27.
Kf3 Kd7 28. Ke4 Ke6 29. Be1 b5 30. Bd2 a5 31. Be1 h5 32. Bd2 h4 33. Bxg5 hxg3
34. fxg3 Bxg3 35. Bd2 Bf2 36. b3 Kd6 37. bxc4 bxc4 38. a4 Ke6 39. h4 Bxh4 40.
Kd4 Kd6 41. Kxc4 Bf6 42. Kxd3 Bxc3 1/2-1/2

[Event "DVM U16 2003"]
[Site "Greifswald GER"]
[Date "2003.12.28"]
[Round "4"]
[White "Stiefel, Michael"]
[Black "Krutwig, Longlong"]
[Result "1-0"]
[Termination "normal"]
[Board "3.3"]
[WhiteElo "1842"]
[BlackElo "1928"]
[WhiteTeam "Rochade Kuppenheim"]
[BlackTeam "SF Köln-Mülheim"]
[PlyCount "97"]
[WhiteFideId "24608556"]
[BlackFideId "24629979"]
[EventCountry "GER"]
[EventRounds "7"]
[EventType "team-swiss"]
[EventDate "2003.12.26"]

1. e4 e5 2. Nf3 Nc6 3. Bb5 a6 4. Bxc6 dxc6 5. O-O f6 6. d4 exd4 7. Nxd4 c5 8.
Nb3 Be6 9. Qf3 Bd6 10. Nxc5 Bxc5 11. Qh5+ Bf7 12. Qxc5 Ne7 13. Bf4 Nc6 14. Nc3
Qd4 15. Qxd4 Nxd4 16. Bxc7 Nxc2 17. Rac1 Nb4 18. Rfd1 Bc4 19. Na4 b5 20. Nb6
Ra7 21. Rd8+ Kf7 22. Rxh8 Rxc7 23. Nxc4 bxc4 24. g3 Nxa2 25. Ra1 Nb4 26. Rb8
Nc6 27. Rb6 a5 28. Rc1 Nd4 29. Kg2 a4 30. Rb4 Ne6 31. Rcxc4 Rd7 32. Rxa4 g5 33.
Ra6 g4 34. Rcc6 Ng5 35. Rxf6+ Kg7 36. Rfd6 Rb7 37. Rab6 Rc7 38. Rbc6 Ra7 39.
Rc4 Nf3 40. Rd1 Rf7 41. Rb4 Ng5 42. Rbd4 Rf3 43. R1d3 Rf8 44. Rd8 Rf6 45. R3d7+
Nf7 46. e5 Re6 47. Rc8 Rxe5 48. Rcc7 Rf5 49. Rxf7+ 1-0

[Event "DVM U16 2003"]
[Site "Greifswald GER"]
[Date "2003.12.28"]
[Round "4"]
[White "Kanevski, Vladyslav"]
[Black "Schneider, Olaf"]
[Result "1/2-1/2"]
[Termination "normal"]
[Board "3.4"]
[WhiteElo "1672"]
[BlackElo "1410"]
[WhiteTeam "SF Köln-Mülheim"]
[BlackTeam "Rochade Kuppenheim"]
[PlyCount "110"]
[WhiteFideId "1270581"]
[EventCountry "GER"]
[EventRounds "7"]
[EventType "team-swiss"]
[EventDate "2003.12.26"]

1. d4 f5 2. Nf3 Nf6 3. g3 g6 4. Bg2 Bg7 5. c4 O-O 6. Nc3 d6 7. O-O Re8 8. Bg5
c6 9. Qc2 e5 10. dxe5 dxe5 11. Rad1 Qc7 12. Rd2 e4 13. Nd4 Nbd7 14. Bf4 Qb6 15.
Rfd1 Nf8 16. Nb3 Ng4 17. c5 Qa6 18. e3 b6 19. Bd6 Be6 20. h3 Ne5 21. a3 Bc4 22.
Bxe5 Bxe5 23. Bf1 Bxf1 24. Rxf1 Rad8 25. Rfd1 Qc8 26. cxb6 axb6 27. Na4 Rxd2
28. Rxd2 Qc7 29. Nc3 Ne6 30. Ne2 Ng5 31. Kg2 Nf3 32. Rd1 Kg7 33. Ned4 Nxd4 34.
Nxd4 Bxd4 35. Rxd4 c5 36. Rd5 Re5 37. Qc3 Kf6 38. b4 Ke6 39. Rd2 Rd5 40. Qc4
Qc6 41. bxc5 Qxc5 42. Qb3 Qb5 43. Qa2 Kd6 44. Rxd5+ Qxd5 45. Qb2 Kc6 46. Qg7
Qd7 47. Qf6+ Qd6 48. Qf7 Qd7 49. Qc4+ Kb7 50. Qb3 Ka6 51. Qc4+ Kb7 52. Qg8 Ka7
53. Qb3 Ka6 54. Qc4+ Kb7 55. Qb3 Ka6 1/2-1/2

[Event "DVM U16 2003"]
[Site "Greifswald GER"]
[Date "2003.12.28"]
[Round "4"]
[White "Seiler, Sascha"]
[Black "Baldauf, Marco"]
[Result "0-1"]
[Termination "normal"]
[Board "4.1"]
[WhiteElo "1877"]
[BlackElo "2131"]
[WhiteTeam "Heilbronner SV"]
[BlackTeam "SG Pang/Rosenheim"]
[PlyCount "78"]
[WhiteFideId "24630594"]
[BlackFideId "4688210"]
[EventCountry "GER"]
[EventRounds "7"]
[EventType "team-swiss"]
[EventDate "2003.12.26"]

1. Nf3 c5 2. e3 Nf6 3. d4 e6 4. c4 b6 5. Nc3 Bb7 6. Be2 Be7 7. d5 exd5 8. cxd5
d6 9. e4 O-O 10. O-O Ba6 11. Bxa6 Nxa6 12. Nd2 Re8 13. f4 Bf8 14. Re1 Nc7 15.
Nf3 b5 16. Qc2 g6 17. b3 Qe7 18. Bb2 b4 19. Nb1 Bg7 20. Nbd2 Nb5 21. Rad1 Rad8
22. Nc4 Nxe4 23. Ng5 f5 24. Bxg7 Qxg7 25. Nxe4 fxe4 26. Rxe4 Nc3 27. Rxe8+ Rxe8
28. Nxd6 Nxd1 29. Qxd1 Re7 30. Nc4 Qc3 31. Ne5 Qe3+ 32. Kh1 Qxf4 33. d6 Re8 34.
Nc4 Qf2 35. Qd5+ Kg7 36. h3 Re1+ 37. Kh2 Qf4+ 38. g3 Re2+ 39. Kg1 Qf2+ 0-1

[Event "DVM U16 2003"]
[Site "Greifswald GER"]
[Date "2003.12.28"]
[Round "4"]
[White "Lindenberg, Georg"]
[Black "Luo, Xingping"]
[Result "1/2-1/2"]
[Termination "normal"]
[Board "4.2"]
[WhiteElo "1889"]
[BlackElo "1495"]
[WhiteTeam "SG Pang/Rosenheim"]
[BlackTeam "Heilbronner SV"]
[PlyCount "91"]
[WhiteFideId "24612170"]
[EventCountry "GER"]
[EventRounds "7"]
[EventType "team-swiss"]
[EventDate "2003.12.26"]

1. e4 c5 2. Nf3 d6 3. d4 cxd4 4. Nxd4 Nf6 5. Nc3 g6 6. Be3 Bg7 7. f3 O-O 8. Qd2
Nc6 9. O-O-O Nxd4 10. Bxd4 Be6 11. Kb1 Qc7 12. g4 Rfc8 13. g5 Nh5 14. Bxg7 Nxg7
15. h4 Qa5 16. Bh3 Rc6 17. Nd5 Qxd2 18. Rxd2 Bxd5 19. exd5 Rc4 20. Bg4 Nf5 21.
Bxf5 gxf5 22. Re2 Re8 23. Kc1 e5 24. dxe6 fxe6 25. h5 Kf7 26. Rg2 Rg8 27. g6+
hxg6 28. hxg6+ Rxg6 29. Rh7+ Kf6 30. Rxg6+ Kxg6 31. Rxb7 Ra4 32. a3 Kg5 33. Kd2
Kf4 34. Ke2 d5 35. Rh7 Ke5 36. Kd3 a6 37. Rh6 Rd4+ 38. Ke2 Rc4 39. c3 Rc6 40.
Ke3 Rb6 41. b4 Rc6 42. f4+ Kd6 43. Kd3 Rc4 44. Rh4 Kc6 45. Rh6 Re4 46. Kc2
1/2-1/2

[Event "DVM U16 2003"]
[Site "Greifswald GER"]
[Date "2003.12.28"]
[Round "4"]
[White "Witte, Stefan"]
[Black "Baldauf, Manuel"]
[Result "1/2-1/2"]
[Termination "normal"]
[Board "4.3"]
[WhiteElo "1470"]
[BlackElo "1658"]
[WhiteTeam "Heilbronner SV"]
[BlackTeam "SG Pang/Rosenheim"]
[PlyCount "123"]
[BlackFideId "4648528"]
[EventCountry "GER"]
[EventRounds "7"]
[EventType "team-swiss"]
[EventDate "2003.12.26"]

1. e4 c5 2. Nf3 e6 3. d4 cxd4 4. Nxd4 a6 5. g3 Qc7 6. Bg2 Nf6 7. Nc3 b5 8. O-O
Nc6 9. e5 Ng8 10. Nxc6 dxc6 11. Qf3 Bb7 12. Bf4 Ne7 13. Ne4 Nd5 14. Nd6+ Bxd6
15. exd6 Qd7 16. Rad1 O-O 17. Rfe1 Rad8 18. Bh3 c5 19. Qg4 Nf6 20. Qe2 Qc6 21.
f3 Qxf3 22. Qxf3 Bxf3 23. Rd3 Bd5 24. Ra3 Bb7 25. Bg2 Bxg2 26. Kxg2 Ra8 27. Ra5
Nd7 28. a4 b4 29. Be3 Rfc8 30. c3 b3 31. Rd1 Rc6 32. c4 Rac8 33. Bf4 Kf8 34.
Kf2 Ke8 35. Rd3 Rb8 36. Ke2 Rb4 37. Rc3 e5 38. Be3 Rxd6 39. Bxc5 Nxc5 40. Rxc5
f6 41. Rc7 Rd7 42. Rc6 Rxa4 43. Rxb3 Rd4 44. Rc7 Rd7 45. Rbb7 Rxc7 46. Rxc7 Rb4
47. Kd3 Rxb2 48. Rxg7 Rxh2 49. c5 Kd8 50. c6 a5 51. Kc4 a4 52. Ra7 Rg2 53. Rxa4
Rxg3 54. Kd5 Rd3+ 55. Ke6 Rf3 56. Kd6 Rd3+ 57. Ke6 Rd4 58. Ra7 h5 59. Kxf6 e4
60. Rh7 e3 61. Rxh5 e2 62. Re5 1/2-1/2

[Event "DVM U16 2003"]
[Site "Greifswald GER"]
[Date "2003.12.28"]
[Round "4"]
[White "Häußler, Philipp"]
[Black "Geshnizjani, Ramin"]
[Result "0-1"]
[Termination "normal"]
[Board "4.4"]
[WhiteElo "1705"]
[BlackElo "1641"]
[WhiteTeam "SG Pang/Rosenheim"]
[BlackTeam "Heilbronner SV"]
[PlyCount "90"]
[BlackFideId "24633089"]
[EventCountry "GER"]
[EventRounds "7"]
[EventType "team-swiss"]
[EventDate "2003.12.26"]

1. Nf3 c5 2. e4 Nc6 3. g3 e6 4. d3 g6 5. Bg2 Bg7 6. O-O Nge7 7. Re1 O-O 8. Nc3
a6 9. Be3 d6 10. Qd2 b5 11. Bh6 b4 12. Bxg7 Kxg7 13. Ne2 Rb8 14. h4 h5 15. Rad1
e5 16. Nh2 Rh8 17. Nf1 Nd4 18. c3 bxc3 19. bxc3 Nxe2+ 20. Qxe2 Be6 21. d4 Qa5
22. d5 Bd7 23. Ne3 Bb5 24. c4 Bd7 25. Rb1 Rb4 26. Qd2 Rhb8 27. Nc2 Qxa2 28. Ra1
Qb2 29. Reb1 Qxb1+ 30. Rxb1 Rxb1+ 31. Kh2 R8b2 32. Bf3 Ba4 33. Bd1 Ng8 34. Kg2
Nf6 35. Qe2 Ng4 36. Qd2 Ne3+ 37. Qxe3 Rxd1 38. Ne1 Rdd2 39. Nd3 Ra2 40. g4 Re2
41. Qf3 Bd1 42. Qg3 Rxe4 43. Kh3 Rxg4 44. Qe3 Ra3 45. Qd2 Rd4 0-1

[Event "DVM U16 2003"]
[Site "Greifswald GER"]
[Date "2003.12.28"]
[Round "4"]
[White "Degtiarev, Jevgeni"]
[Black "Schneider, David"]
[Result "1-0"]
[Termination "normal"]
[Board "5.1"]
[WhiteElo "2284"]
[BlackElo "2026"]
[WhiteTeam "SG Aufbau Elbe Magdeburg"]
[BlackTeam "SK Dicker Turm Münnerstadt"]
[PlyCount "93"]
[WhiteFideId "4149610"]
[BlackFideId "4697111"]
[EventCountry "GER"]
[EventRounds "7"]
[EventType "team-swiss"]
[EventDate "2003.12.26"]

1. d4 d5 2. Nf3 Nf6 3. c4 e6 4. Nc3 Be7 5. Bf4 O-O 6. e3 Nbd7 7. a3 c5 8. cxd5
Nxd5 9. Nxd5 exd5 10. dxc5 Nxc5 11. Be5 Ne4 12. Be2 Be6 13. O-O Bc5 14. Bd4 Bd6
15. Rc1 Qe7 16. Ne1 Qh4 17. f4 Qe7 18. Nf3 f6 19. Bd3 Bf7 20. Bb1 Bc5 21. Bxe4
Bxd4 22. Bxh7+ Kxh7 23. Qxd4 Rfe8 24. Rc3 Qd6 25. Qd2 Re4 26. Nd4 Rae8 27. Rf3
Kg8 28. Qc1 Qb6 29. Rc8 Qa6 30. Rxe8+ Rxe8 31. Qc2 Qc4 32. Qxc4 dxc4 33. Rg3
Rd8 34. h4 Rd5 35. Kf2 b5 36. Rh3 Bg6 37. Rh1 a5 38. Rc1 Bd3 39. g4 b4 40. axb4
axb4 41. Nc6 Rb5 42. f5 Rb6 43. Ne7+ Kf7 44. Nd5 Rb5 45. Nf4 Ra5 46. Nxd3 cxd3
47. e4 1-0

[Event "DVM U16 2003"]
[Site "Greifswald GER"]
[Date "2003.12.28"]
[Round "4"]
[White "Krebs, Martin"]
[Black "Reichel, Matti"]
[Result "1/2-1/2"]
[Termination "normal"]
[Board "5.2"]
[WhiteElo "1675"]
[BlackElo "1614"]
[WhiteTeam "SK Dicker Turm Münnerstadt"]
[BlackTeam "SG Aufbau Elbe Magdeburg"]
[PlyCount "62"]
[EventCountry "GER"]
[EventRounds "7"]
[EventType "team-swiss"]
[EventDate "2003.12.26"]

1. d4 d5 2. c4 e6 3. Nc3 Nf6 4. Bg5 Be7 5. e3 O-O 6. Nf3 b6 7. Bd3 Bb7 8. O-O
h6 9. Bf4 c5 10. Rc1 Nc6 11. dxc5 Bxc5 12. Ne5 Rc8 13. Qe2 dxc4 14. Bxc4 Qe7
15. Rfd1 Rfd8 16. a3 Bd6 17. Nxc6 Bxc6 18. Bxd6 Rxd6 19. Rxd6 Qxd6 20. Rd1 Qe7
21. Bb5 Bb7 22. Ba6 Bxa6 23. Qxa6 Rd8 24. Qe2 Rxd1+ 25. Qxd1 Qd7 26. Qxd7 Nxd7
27. Kf1 Kf8 28. Ke2 Ke7 29. f4 a6 30. Kd3 Kd6 31. b4 f6 1/2-1/2

[Event "DVM U16 2003"]
[Site "Greifswald GER"]
[Date "2003.12.28"]
[Round "4"]
[White "Schwenke, Vincent"]
[Black "Schneider, Raphael"]
[Result "1/2-1/2"]
[Termination "normal"]
[Board "5.3"]
[WhiteElo "1560"]
[BlackElo "1628"]
[WhiteTeam "SG Aufbau Elbe Magdeburg"]
[BlackTeam "SK Dicker Turm Münnerstadt"]
[PlyCount "76"]
[WhiteFideId "24620467"]
[EventCountry "GER"]
[EventRounds "7"]
[EventType "team-swiss"]
[EventDate "2003.12.26"]

1. e4 e5 2. f4 d6 3. Nf3 Nc6 4. Bc4 Be7 5. O-O Nf6 6. d3 exf4 7. Bxf4 Be6 8.
Bb3 Bxb3 9. axb3 O-O 10. Nc3 Nd7 11. Qe1 Nde5 12. Qg3 Ng6 13. Be3 Kh8 14. Nd5
h6 15. Nd4 Bh4 16. Qf3 Nce5 17. Qe2 c6 18. Nf4 Nxf4 19. Bxf4 Bf6 20. Qh5 Bg5
21. Bxg5 Qxg5 22. Qxg5 hxg5 23. Nf5 Rfd8 24. d4 Ng6 25. Rae1 f6 26. Re3 Rd7 27.
g3 b6 28. c3 Rad8 29. Rfe1 Kg8 30. Kf2 Kf7 31. Ke2 Re8 32. Kd3 Ne7 33. h3 Nxf5
34. exf5 Rxe3+ 35. Rxe3 g6 36. fxg6+ Kxg6 37. Re8 c5 38. c4 Rh7 1/2-1/2

[Event "DVM U16 2003"]
[Site "Greifswald GER"]
[Date "2003.12.28"]
[Round "4"]
[White "Thiem, Markus"]
[Black "Spandel, Michael"]
[Result "1/2-1/2"]
[Termination "normal"]
[Board "5.4"]
[WhiteElo "1400"]
[BlackElo "1544"]
[WhiteTeam "SK Dicker Turm Münnerstadt"]
[BlackTeam "SG Aufbau Elbe Magdeburg"]
[PlyCount "134"]
[EventCountry "GER"]
[EventRounds "7"]
[EventType "team-swiss"]
[EventDate "2003.12.26"]

1. e4 e6 2. d4 d5 3. exd5 exd5 4. c3 Bd6 5. Bd3 Ne7 6. h3 Bf5 7. Nf3 Nd7 8. Be3
c6 9. Qc2 Bxd3 10. Qxd3 Qc7 11. Nbd2 Nf6 12. O-O-O a5 13. Rde1 Nd7 14. Re2 O-O
15. Ng5 Ng6 16. h4 Rfb8 17. h5 Ngf8 18. g4 b5 19. Nh3 b4 20. f4 bxc3 21. Qxc3
Qb6 22. Nf3 c5 23. dxc5 Bxc5 24. Bd4 Rc8 25. Rc2 Ne6 26. Bxc5 Rxc5 27. Qb3 Qxb3
28. axb3 Rb8 29. f5 Nc7 30. Nd4 Nb5 31. Rxc5 Nxc5 32. Nxb5 Rxb5 33. Nf4 Nxb3+
34. Kc2 a4 35. Re1 Kf8 36. Re5 Rb4 37. Nxd5 Rxg4 38. f6 Rg2+ 39. Kc3 Rf2 40.
Re4 Rf5 41. Rxa4 gxf6 42. Nxf6 Rf3+ 43. Kc2 Rxf6 44. Kxb3 Rf5 45. Rh4 Kg7 46.
Ka4 Kh6 47. b4 Rf1 48. b5 f5 49. Rb4 f4 50. b6 f3 51. Kb5 f2 52. Rb2 Kxh5 53.
b7 Re1 54. Rxf2 Rb1+ 55. Kc6 Rc1+ 56. Kd7 Rd1+ 57. Kc8 Rc1+ 58. Kb8 Kg4 59. Rh2
h5 60. Rg2+ Kh3 61. Rg7 h4 62. Rc7 Rb1 63. Kc8 Kg2 64. b8=Q Rxb8+ 65. Kxb8 h3
66. Rc2+ Kh1 67. Rc1+ Kg2 1/2-1/2